Music Quiz

Random Music or Song Quiz

Flowers of Disgust Outtakes Compilations Quiz Stats

 Plays Quiz not verified by Sporcle

Also try: I'm Going Solo!
Challenge
Share
Tweet
Embed
Score 0/44 Timer 10:00
0 Plays Today
% Correct
???
91.7%
???
91.7%
???
91.7%
???
83.3%
???
83.3%
???
83.3%
???
83.3%
???
83.3%
???
83.3%
???
83.3%
???
83.3%
???
83.3%
???
83.3%
???
83.3%
???
83.3%
???
83.3%
???
83.3%
???
83.3%
???
83.3%
???
83.3%
???
83.3%
???
83.3%
% Correct
???
83.3%
???
75%
???
75%
???
75%
???
75%
???
75%
???
75%
???
75%
???
75%
???
66.7%
???
66.7%
???
66.7%
???
66.7%
???
66.7%
???
66.7%
???
66.7%
???
66.7%
???
66.7%
???
58.3%
???
58.3%
???
50%
???
41.7%

You're not logged in!

Compare scores with friends on all Sporcle quizzes.
OR
Log In

You Might Also Like...

Show Comments

Extras

Created Sep 10, 2015ReportNominate
Tags:Song Quiz, compilation, flower

Top Quizzes Today


Score Distribution

Your Account Isn't Verified!

In order to create a playlist on Sporcle, you need to verify the email address you used during registration. Go to your Sporcle Settings to finish the process.

Report this User

Report this user for behavior that violates our Community Guidelines.

Details: